000 00444nam a2200181Ia 4500
005 20240823055220.0
008 240823s9999||||xx |||||||||||||| ||und||
041 _aENGLISH
082 _A512.73 N8
100 _aTom M Apostol
245 0 _aIntroduction to Analytic Number Theory
250 _a1st
260 _c1989
_bSpringer International Ed
500 _aYES
650 _aNumber Theory
_bMathematics
942 _cBK
999 _c228259
_d228259